000 01102nam a2200241 a 4500
001 10710
003 BD-RjUL
005 20211209173728.0
008 140125s1969 pk a b 001 0 ben d
035 _a(BD-RjUL)10710
040 _aLHA
_cLHA
_dBD-RjUL
_bben/eng
041 _aben
082 0 4 _a305.8914126
_223
_bDEC 1969
100 _aদেওয়ান, বিরাজ মোহন
_988
245 1 0 _aচাকমা জাতির ইতিবৃত্ত /
_cবিরাজ মোহন দেওয়ান প্রণীত
250 _a১ম সং
260 _aপার্বত্য চট্রগ্রাম:
_bশ্রীকালী শঙ্কর দেওয়ান,
_c১৯৬৯
300 _aক-ঘ, [১৬], ৩০২, [৮] পৃ. :
_bচিত্র:
_c২৩ সেমি.
500 _a"জাতীয় কৃষ্টি, সংস্কৃতি বিষয়ক গ্রন্থ"
650 0 _aচাকমা জাতি
_zবাংলাদেশ
_xইতিহাস
_989
650 0 _aChakma race
_zBangladesh
_xHistory
_990
942 _2ddc
_cBK
999 _c10710
_d10710